| 000 | 00892nam a2200241 i 4500 | ||
|---|---|---|---|
| 001 | 14676 | ||
| 003 | ES-MaACL | ||
| 005 | 20230906150847.0 | ||
| 007 | t| | ||
| 008 | 960610s1996 sp |||| | spa d | ||
| 020 | _a84-8164-107-3 | ||
| 080 | _a860.09"17" | ||
| 245 | 0 | 0 |
_aHistoria literaria de España en el siglo XVIII / _cedición de Francisco Aguilar Piñal. |
| 260 |
_aMadrid : _bTrotta : _bConsejo Superior de Investigaciones Científicas, _c[1996] |
||
| 300 |
_a1158 p. ; _c23 cm. |
||
| 490 | 1 | _aLa dicha de enmudecer. Serie Teoría literaria | |
| 650 | 1 | 4 |
_aLiteratura española- _yS.XVIII- _xHistoria y crítica. _914574 |
| 700 | 1 |
_aAguilar Piñal, Francisco. _918744 |
|
| 710 | 2 |
_aConsejo Superior de Investigaciones Científicas (España) _93236 |
|
| 830 | 0 |
_aLa dicha de enmudecer. Serie Teoría literaria _9228525 |
|
| 852 |
_aES-MaACL _jL-21931 |
||
| 999 |
_c14676 _d14676 |
||